LEADER 01675oam 2200589zu 450 001 9910139415603321 005 20210807004036.0 010 $a0-470-77832-6 010 $a0-470-77127-5 010 $a0-470-77141-0 035 $a(CKB)2500000000001595 035 $a(SSID)ssj0000354603 035 $a(PQKBManifestationID)11275373 035 $a(PQKBTitleCode)TC0000354603 035 $a(PQKBWorkID)10313578 035 $a(PQKB)10609024 035 $a(EXLCZ)992500000000001595 100 $a20160829d1972 uy 101 0 $aeng 181 $ctxt 182 $cc 183 $acr 200 14$aThe chemistry of acyl halides 210 31$a[Place of publication not identified]$cInterscience$d1972 225 0 $aThe Chemistry of functional groups The chemistry of acyl halides 300 $aBibliographic Level Mode of Issuance: Monograph 311 $a0-471-66936-9 606 $aAcyl halides 606 $aHalogens 606 $aAlkalies 606 $aInorganic Chemicals 606 $aElements 606 $aChemicals and Drugs 606 $aOrganic Chemistry$2HILCC 606 $aChemistry$2HILCC 606 $aPhysical Sciences & Mathematics$2HILCC 615 0$aAcyl halides 615 2$aHalogens 615 2$aAlkalies 615 2$aInorganic Chemicals 615 2$aElements 615 2$aChemicals and Drugs 615 7$aOrganic Chemistry 615 7$aChemistry 615 7$aPhysical Sciences & Mathematics 676 $a547/.02 700 $aPatai$b Saul$0335987 801 0$bPQKB 906 $aBOOK 912 $a9910139415603321 996 $aThe chemistry of acyl halides$91959130 997 $aUNINA LEADER 01293nam 2200361 n 450 001 996392248903316 005 20221107142911.0 035 $a(CKB)1000000000673949 035 $a(EEBO)2240939944 035 $a(UnM)99862832 035 $a(EXLCZ)991000000000673949 100 $a19930223d1659 uy | 101 0 $alat 135 $aurbn||||a|bb| 200 10$aDe memoria? sapientum peritura?$b[electronic resource] $econcio Latine habita ad theologos Londinenses in solenni & anniversario eorum conventu, Apr. 26. 1659$fAuthore Guil. Jenkyn, Ecclesię Christi apud Londinenses ministro 210 $aLondini $cexcudebat R. White, impensis Sa. Gellibrand, ad insigne Auratę Pilę in C?miterio Paulino$d1659 215 $a[8], 43, [1] p 300 $aAnnotation on Thomason copy: "June 10th". 300 $aReproduction of the original in the British Library. 330 $aeebo-0018 606 $aWisdom$vEarly works to 1800 606 $aFame$vEarly works to 1800 615 0$aWisdom 615 0$aFame 700 $aJenkyn$b William$f1613-1685.$0821419 801 0$bCu-RivES 801 1$bCu-RivES 801 2$bCStRLIN 801 2$bWaOLN 906 $aBOOK 912 $a996392248903316 996 $aDe memoria? sapientum peritura?$92389582 997 $aUNISA